000 00576nam a2200181Ia 4500
003 GCL
008 140319s9999 xx 000 0 ara d
040 _aGCL /
_cGCL
082 0 4 _a808.83
_bا م
100 1 _aمؤنس الرزاز
245 1 0 _aادم ذات ظهيرة وقصص اخرى /
_cمؤنس الرزاز
700 1 _aالياس فركوح
300 _a160 ص
490 _aالهيئة العامة للاستعلامات
_v0
650 0 4 _aالادب العالمى المترجم
650 0 4 _aالقصص العالمية المترجمة
942 _2ddc
_cBK
999 _c46922
_d46922